[Event "ESP-ch Seniora 50"]
[Site "Altea"]
[Date "2022.10.31"]
[Round "3"]
[White "Sabater Sanchez, Asensio"]
[Black "Cano Gimenez, Vicente"]
[Result "1/2-1/2"]
[WhiteElo "1969"]
[BlackElo "2221"]
[PlyCount "102"]
[EventDate "2022.10.29"]
[EventType "swiss"]
[EventRounds "9"]
[EventCountry "ESP"]
[SourceTitle "EXT 2024"]
[Source "ChessBase"]
[SourceDate "2023.10.10"]
[SourceVersion "1"]
[SourceVersionDate "2023.10.10"]
[SourceQuality "1"]
[WhiteTeam "Spain"]
[BlackTeam "Spain"]
[WhiteTeamCountry "ESP"]
[BlackTeamCountry "ESP"]

1. d4 Nf6 2. Nf3 g6 3. Bg5 Bg7 4. e3 c5 5. c3 Qb6 6. Qb3 0-0 7. Nbd2 d6 8. Be2 Be6 9. Qxb6 axb6 10. a3 Nc6 11. 0-0 h6 12. Bh4 g5 13. Bg3 Bf5 14. Ne1 e5 15. dxe5 dxe5 16. Nc4 Ne4 17. Nd3 Nxg3 18. fxg3 Be6 19. Nf2 b5 20. Nd6 Na5 21. Nfe4 Nb3 22. Rad1 f5 23. Nf2 b6 24. Bxb5 Rad8 25. Nc4 e4 26. Rxd8 Rxd8 27. Rd1 Bf6 28. Rxd8+ Bxd8 29. g4 fxg4 30. Nxe4 Kg7 31. Kf2 Bc7 32. g3 Bd5 33. Ncd2 Nxd2 34. Nxd2 h5 35. Bd7 Be5 36. e4 Bf7 37. Nf1 Kf6 38. Ne3 Ke7 39. Bc6 Bc7 40. Bd5 Be8 41. b4 Be5 42. Bb7 Bf7 43. c4 cxb4 44. axb4 Bc3 45. b5 Bd4 46. Bd5 Bg6 47. Ke2 Kf6 48. Kd3 Ke5 49. Bb7 Bc5 50. Bc6 Bd4 51. Bb7 Bc5 1/2-1/2

[Event "ESP-ch Seniors 50"]
[Site "Altea"]
[Date "2021.11.06"]
[Round "8"]
[White "Sabater Sanchez, Asensio"]
[Black "Sanchez Romero, Miquel Angel"]
[Result "1/2-1/2"]
[WhiteElo "2039"]
[BlackElo "2109"]
[PlyCount "61"]
[EventDate "2021.10.31"]
[EventType "swiss"]
[EventRounds "9"]
[EventCountry "ESP"]
[SourceTitle "CBM 205 Extra"]
[Source "ChessBase"]
[SourceDate "2022.01.31"]
[SourceVersion "1"]
[SourceVersionDate "2022.01.31"]
[SourceQuality "1"]

1. c4 e5 2. Nc3 Nf6 3. Nf3 Nc6 4. e4 Bb4 5. d3 h6 6. g3 d6 7. Bg2 Bg4 8. h3 Bxf3 9. Bxf3 Bc5 10. 0-0 Qd7 11. Kh2 a6 12. a3 Nd4 13. Bg2 c6 14. f4 h5 15. b4 Ba7 16. fxe5 Ng4+ 17. Kh1 Nxe5 18. Be3 Qe6 19. Ne2 Nxe2 20. Qxe2 Bxe3 21. Qxe3 h4 22. g4 0-0 23. c5 Rad8 24. d4 Ng6 25. Rfe1 Rd7 26. Rad1 Re8 27. cxd6 Qxd6 28. e5 Qe7 29. Be4 Nf8 30. Bf5 Ne6 31. Bxe6 1/2-1/2

[Event "Benidorm op U2300 18th"]
[Site "Benidorm"]
[Date "2019.12.01"]
[Round "3"]
[White "Sabater Sanchez, Asensio"]
[Black "Scherer, Helmut"]
[Result "0-1"]
[WhiteElo "2115"]
[BlackElo "2278"]
[PlyCount "136"]
[EventDate "2019.11.29"]
[EventType "swiss"]
[EventRounds "10"]
[EventCountry "ESP"]
[SourceTitle "EXT 2022"]
[Source "ChessBase"]
[SourceDate "2021.10.06"]
[SourceVersion "1"]
[SourceVersionDate "2021.10.06"]
[SourceQuality "1"]

1. d4 d5 2. Bg5 c6 3. c3 Bf5 4. e3 Nd7 5. Bd3 Bxd3 6. Qxd3 Qb6 7. b3 e5 8. Nd2 Be7 9. Bxe7 Nxe7 10. dxe5 0-0 11. Ngf3 Rfe8 12. 0-0 Ng6 13. Rac1 Ndxe5 14. Nxe5 Nxe5 15. Qe2 Rad8 16. Nf3 Ng4 17. Rfd1 Nf6 18. h3 h6 19. Qc2 Qa5 20. Rd4 Re4 21. Rcd1 Rde8 22. Nd2 Rxd4 23. cxd4 Qb4 24. Rc1 a5 25. Qc3 Ra8 26. a3 Qb5 27. a4 Qe2 28. Qc2 Nd7 29. Nf3 Qxc2 30. Rxc2 Ra6 31. Kf1 Rb6 32. Nd2 Kf8 33. Ke2 Ke7 34. f3 Rb4 35. Kd3 f5 36. Rc1 h5 37. g3 Kd6 38. Rg1 Nf6 39. h4 b6 40. Kc3 c5 41. Ra1 Nd7 42. Nb1 Kc6 43. Na3 c4 44. bxc4 Rxa4 45. Kb3 Rb4+ 46. Kc3 Nf6 47. Rb1 dxc4 48. Rxb4 Nd5+ 49. Kxc4 Nxe3+ 50. Kb3 axb4 51. Kxb4 Kd5 52. Kc3 Nf1 53. Kd3 Nxg3 54. Nb5 Ke6 55. Ke3 g6 56. Nc3 Kf7 57. Kf4 Nf1 58. Ke5 Nd2 59. f4 Nf3+ 60. Kd5 Nxh4 61. Kc6 Nf3 62. d5 h4 63. Ne2 h3 64. d6 h2 65. d7 h1Q 66. d8Q Nd4+ 67. Kxb6 Qb1+ 68. Ka6 Qb5+ 0-1

[Event "ESP-ch Seniors 50+"]
[Site "Altea"]
[Date "2017.10.15"]
[Round "9"]
[White "Ramos Ferrandis, Juan Carlos"]
[Black "Sabater Sanchez, Asensio"]
[Result "0-1"]
[WhiteElo "2073"]
[BlackElo "2149"]
[PlyCount "52"]
[EventDate "2017.10.07"]
[EventType "swiss"]
[EventRounds "9"]
[EventCountry "ESP"]
[SourceTitle "CBM 181 Extra"]
[Source "ChessBase"]
[SourceDate "2017.12.12"]
[SourceVersion "1"]
[SourceVersionDate "2017.12.12"]
[SourceQuality "1"]

1. d4 Nf6 2. Nf3 b6 3. c4 e6 4. g3 Bb7 5. Bg2 Be7 6. 0-0 0-0 7. Nc3 Ne4 8. Nxe4 Bxe4 9. Ne5 Bxg2 10. Kxg2 d5 11. Qb3 Bd6 12. Nf3 c6 13. Bd2 Nd7 14. Qd3 h6 15. e4 dxe4 16. Qxe4 c5 17. Rad1 Nf6 18. Qd3 Qc7 19. Bc3 cxd4 20. Nxd4 Rfd8 21. b3 a6 22. Qf3 Rac8 23. a4 Be5 24. Rfe1 Nd7 25. Rxe5 Nxe5 26. Nxe6 Nxf3 0-1

[Event "ESP-ch Seniors 50+"]
[Site "Altea"]
[Date "2017.10.14"]
[Round "8"]
[White "Sabater Sanchez, Asensio"]
[Black "Campos Gambuti, Luis Maria"]
[Result "0-1"]
[WhiteElo "2149"]
[BlackElo "2413"]
[PlyCount "56"]
[EventDate "2017.10.07"]
[EventType "swiss"]
[EventRounds "9"]
[EventCountry "ESP"]
[SourceTitle "CBM 181 Extra"]
[Source "ChessBase"]
[SourceDate "2017.12.12"]
[SourceVersion "1"]
[SourceVersionDate "2017.12.12"]
[SourceQuality "1"]

1. d4 Nf6 2. Bg5 d5 3. Bxf6 gxf6 4. e3 c5 5. Nc3 e6 6. Qh5 Nc6 7. Nge2 Qa5 8. 0-0-0 b5 9. dxc5 b4 10. Nxd5 exd5 11. Qxd5 Qxc5 12. Nf4 Qxd5 13. Nxd5 Bd6 14. Nb6 axb6 15. Rxd6 Bb7 16. Bb5 Ke7 17. Rhd1 Rhd8 18. Rxc6 Bxc6 19. Rxd8 Kxd8 20. Bxc6 Rxa2 21. Bd5 Ra1+ 22. Kd2 Ke7 23. Be4 h6 24. c4 Kd6 25. f4 Kc5 26. Bd5 b5 27. Bxf7 bxc4 28. h4 Rg1 0-1

[Event "ESP-ch Seniors 50+"]
[Site "Altea"]
[Date "2017.10.12"]
[Round "6"]
[White "Lloret Climent, Miguel"]
[Black "Sabater Sanchez, Asensio"]
[Result "1/2-1/2"]
[WhiteElo "1950"]
[BlackElo "2149"]
[PlyCount "89"]
[EventDate "2017.10.07"]
[EventType "swiss"]
[EventRounds "9"]
[EventCountry "ESP"]
[SourceTitle "CBM 181 Extra"]
[Source "ChessBase"]
[SourceDate "2017.12.12"]
[SourceVersion "1"]
[SourceVersionDate "2017.12.12"]
[SourceQuality "1"]

1. e4 e6 2. d4 d5 3. Nd2 Nc6 4. Ngf3 Nf6 5. e5 Nd7 6. c3 f6 7. exf6 Qxf6 8. Bb5 Bd6 9. 0-0 0-0 10. Re1 a6 11. Ba4 b5 12. Bb3 Nb6 13. Nf1 Bd7 14. Bg5 Qf7 15. Bh4 h6 16. Bc2 g5 17. Bg3 Qg7 18. Qd3 Rae8 19. Ne3 Nc4 20. b3 Nxe3 21. Rxe3 Bf4 22. Re2 Re7 23. Rae1 Rf6 24. a3 Bxg3 25. fxg3 Be8 26. Ne5 Nxe5 27. dxe5 Rf8 28. b4 Bh5 29. Re3 Bg4 30. Qd4 Qf7 31. Bd3 Qf2+ 32. Kh1 Ref7 33. h3 Bf5 34. Rf1 Qb2 35. Ref3 Qd2 36. Bxf5 Qxd4 37. Bh7+ Kxh7 38. Rxf7+ Rxf7 39. Rxf7+ Kg8 40. cxd4 Kxf7 41. g4 Ke7 42. Kg1 Kd7 43. Kf2 Kc6 44. Ke3 Kb6 45. Kd3 1/2-1/2

[Event "ESP-ch Seniors 50+"]
[Site "Altea"]
[Date "2017.10.08"]
[Round "2"]
[White "Garcia Galeote, Lorenzo"]
[Black "Sabater Sanchez, Asensio"]
[Result "1-0"]
[WhiteElo "1998"]
[BlackElo "2149"]
[PlyCount "55"]
[EventDate "2017.10.07"]
[EventType "swiss"]
[EventRounds "9"]
[EventCountry "ESP"]
[SourceTitle "CBM 181 Extra"]
[Source "ChessBase"]
[SourceDate "2017.12.12"]
[SourceVersion "1"]
[SourceVersionDate "2017.12.12"]
[SourceQuality "1"]

1. d4 e6 2. Nf3 d5 3. e3 c5 4. b3 Nc6 5. Bb2 Nf6 6. Bd3 Bd6 7. Nbd2 0-0 8. 0-0 Re8 9. Ne5 Qc7 10. f4 a6 11. Ndf3 cxd4 12. exd4 Nb4 13. Ng5 Re7 14. c4 Nxd3 15. Qxd3 h6 16. c5 hxg5 17. cxd6 Qxd6 18. fxg5 Ne4 19. a4 Rc7 20. g6 f5 21. Qh3 Nf6 22. Rf4 b5 23. axb5 Bb7 24. Rh4 Kf8 25. Rh8+ Ke7 26. Rxa8 Bxa8 27. Rxa6 Qb4 28. Qe3 1-0

[Event "ESP-ch Seniors 50"]
[Site "Altea"]
[Date "2016.10.13"]
[Round "6"]
[White "Sabater Sanchez, Asensio"]
[Black "Garcia Trobat, Francisco"]
[Result "1-0"]
[WhiteElo "1940"]
[BlackElo "2254"]
[PlyCount "139"]
[EventDate "2016.10.09"]
[EventType "swiss"]
[EventRounds "9"]
[EventCountry "ESP"]
[SourceTitle "EXT 2024"]
[Source "ChessBase"]
[SourceDate "2023.10.10"]
[SourceVersion "1"]
[SourceVersionDate "2023.10.10"]
[SourceQuality "1"]

1. d4 d6 2. Bf4 g6 3. e3 Bg7 4. Nf3 Nf6 5. Be2 0-0 6. h3 b6 7. 0-0 Bb7 8. c3 Nbd7 9. Nbd2 Qe8 10. Bh2 e5 11. a4 e4 12. Ne1 a5 13. Nc2 h5 14. f3 Bh6 15. f4 Nd5 16. c4 Nb4 17. Nxb4 axb4 18. g4 hxg4 19. hxg4 c5 20. d5 f5 21. gxf5 Rxf5 22. Bg4 Nf6 23. Bxf5 gxf5 24. Rf2 Ng4 25. Rg2 Kh7 26. Nf1 Qf7 27. b3 Rg8 28. Raa2 Rg6 29. Qe1 Qf6 30. Bg3 Bg7 31. Bh4 Qf7 32. Bg5 Bh6 33. Bxh6 Rxh6 34. Nh2 Bc8 35. Nxg4 fxg4 36. Rh2 Rh3 37. Rxh3+ gxh3 38. Qh4+ Kg7 39. Qg5+ Qg6 40. Qxg6+ Kxg6 41. Kh2 Bg4 42. a5 bxa5 43. Rxa5 Bd1 44. Ra6 Bxb3 45. Rxd6+ Kf5 46. Rc6 Bxc4 47. Rxc5 Bd3 48. Rc8 b3 49. Rb8 Bc4 50. d6 Ke6 51. Rb6 Bf1 52. f5+ Kd7 53. Kg3 b2 54. Rxb2 Kxd6 55. Rb6+ Ke5 56. f6 Bc4 57. Kxh3 Kf5 58. Kg3 Bf7 59. Rb5+ Kxf6 60. Kf4 Bg6 61. Rb6+ Kg7 62. Rxg6+ Kxg6 63. Kxe4 Kf6 64. Kd5 Ke7 65. Ke5 Kd7 66. Kf6 Kd6 67. e4 Kd7 68. e5 Ke8 69. Ke6 Kd8 70. Kf7 1-0

[Event "ESP-ch Seniors 50"]
[Site "Altea"]
[Date "2016.10.12"]
[Round "5"]
[White "Brusi Noguera, Ricardo Ll"]
[Black "Sabater Sanchez, Asensio"]
[Result "0-1"]
[WhiteElo "2127"]
[BlackElo "1940"]
[PlyCount "142"]
[EventDate "2016.10.09"]
[EventType "swiss"]
[EventRounds "9"]
[EventCountry "ESP"]
[SourceTitle "EXT 2024"]
[Source "ChessBase"]
[SourceDate "2023.10.10"]
[SourceVersion "1"]
[SourceVersionDate "2023.10.10"]
[SourceQuality "1"]

1. d4 d5 2. c4 c6 3. Nf3 e6 4. e3 Nf6 5. Bd3 Bd6 6. b3 b6 7. 0-0 0-0 8. Bb2 Bb7 9. Nbd2 Nbd7 10. Qc2 Rc8 11. Ne5 h6 12. f4 c5 13. Rae1 cxd4 14. exd4 dxc4 15. bxc4 Bb4 16. a3 Bd6 17. Qb3 Qc7 18. Bb1 g6 19. Qd3 Bxe5 20. fxe5 Nh5 21. Qe3 Kh7 22. Bc1 Ng7 23. Nf3 Rh8 24. Qxh6+ Kg8 25. Qe3 Qxc4 26. Bd2 Qd5 27. Rc1 Nf5 28. Bxf5 exf5 29. Rxc8+ Bxc8 30. Qg5 Nf8 31. Rc1 Bb7 32. Qe7 Ne6 33. Qd6 Qxd6 34. exd6 Bxf3 35. gxf3 Kg7 36. d5 Nc5 37. Bc3+ f6 38. Bd4 Rd8 39. Bxc5 bxc5 40. Rxc5 Rxd6 41. f4 Ra6 42. Rc3 Kf8 43. Kf2 Ke7 44. Re3+ Kd7 45. Rg3 Kd6 46. Rxg6 Kxd5 47. Rg3 Ke4 48. Rb3 Kxf4 49. Rf3+ Kg4 50. Rg3+ Kh4 51. Rf3 Ra5 52. Kg2 Rc5 53. Rf4+ Kg5 54. Ra4 a5 55. h4+ Kh5 56. Kg3 Re5 57. Kf3 Kg6 58. Kf4 Kh5 59. Kf3 Kh6 60. Kf4 Kg6 61. Kf3 Kh5 62. Kf4 Kxh4 63. Kf3+ Kg5 64. Rc4 Rb5 65. Ra4 f4 66. Kf2 Kg4 67. Rc4 Rb2+ 68. Kf1 Kg3 69. Rc1 Ra2 70. Rc3+ f3 71. Ke1 Kg2 0-1

[Event "ESP-ch Seniors 50"]
[Site "Altea"]
[Date "2016.10.12"]
[Round "4"]
[White "Sabater Sanchez, Asensio"]
[Black "Cantero Navarro, Antonio"]
[Result "1-0"]
[WhiteElo "1940"]
[BlackElo "2136"]
[PlyCount "63"]
[EventDate "2016.10.09"]
[EventType "swiss"]
[EventRounds "9"]
[EventCountry "ESP"]
[SourceTitle "EXT 2024"]
[Source "ChessBase"]
[SourceDate "2023.10.10"]
[SourceVersion "1"]
[SourceVersionDate "2023.10.10"]
[SourceQuality "1"]

1. d4 d5 2. Bf4 Nf6 3. e3 c5 4. c3 Nc6 5. Nf3 Qb6 6. Qc2 Bf5 7. dxc5 Bxc2 8. cxb6 a6 9. Nbd2 Nd7 10. Rc1 Bg6 11. Bc7 e6 12. Nb3 Be7 13. a4 0-0 14. a5 Rac8 15. Be2 Nc5 16. Nxc5 Bxc5 17. 0-0 Be7 18. b4 Bd8 19. Bd6 Re8 20. Nd4 e5 21. Nb3 Re6 22. Bc5 Bg5 23. Rfd1 Rd8 24. Bf3 e4 25. Be2 Ne5 26. Nd4 Ree8 27. b5 Nd3 28. Bxd3 exd3 29. bxa6 bxa6 30. Nf3 Be7 31. Bd4 Rc8 32. Ne5 1-0

[Event "Mar Menor op 7th"]
[Site "San Pedro del Pinatar"]
[Date "2016.01.23"]
[Round "4"]
[White "Sabater Sanchez, Asensio"]
[Black "Perez Beltran, Salvador"]
[Result "1-0"]
[WhiteElo "2044"]
[BlackElo "1824"]
[PlyCount "87"]
[EventDate "2016.01.22"]
[EventType "swiss"]
[EventRounds "7"]
[EventCountry "ESP"]
[SourceTitle "EXT 2019"]
[Source "ChessBase"]
[SourceDate "2018.10.10"]
[SourceVersion "1"]
[SourceVersionDate "2018.10.10"]
[SourceQuality "1"]

1. d4 Nf6 2. Bg5 e6 3. e4 h6 4. Bxf6 Qxf6 5. c3 d6 6. Bd3 g6 7. Ne2 e5 8. Nd2 Bg7 9. 0-0 g5 10. dxe5 dxe5 11. Ng3 0-0 12. Nc4 Nc6 13. Ne3 Ne7 14. Be2 Be6 15. Bg4 Rad8 16. Qe2 Bxg4 17. Nxg4 Qg6 18. Ne3 c6 19. Nef5 Nxf5 20. Nxf5 Qe6 21. Rfd1 Rfe8 22. b3 Bf8 23. Rd3 b6 24. Rad1 Qf6 25. Rd7 Rxd7 26. Rxd7 a5 27. h4 Rd8 28. hxg5 Qxg5 29. Rxd8 Qxd8 30. Kh2 Qg5 31. Kh3 h5 32. Ng3 Qc1 33. Qxh5 Qxc3 34. Qg5+ Bg7 35. Kg4 f6 36. Qg6 Qc5 37. Qe8+ Kh7 38. f3 Qe3 39. Qh5+ Qh6 40. Kf5 Qxh5+ 41. Nxh5 Bh6 42. Nxf6+ Kg7 43. Ng4 Bd2 44. Nxe5 1-0

[Event "Benidorm op U2300 14th"]
[Site "Benidorm"]
[Date "2015.11.28"]
[Round "1"]
[White "Garcia, Eduardo"]
[Black "Sabater Sanchez, Asensio"]
[Result "1-0"]
[WhiteElo "2260"]
[BlackElo "2086"]
[PlyCount "49"]
[EventDate "2015.11.28"]
[EventType "swiss"]
[EventRounds "10"]
[EventCountry "ESP"]
[SourceTitle "CBM 169 Extra"]
[Source "ChessBase"]
[SourceDate "2015.12.18"]
[SourceVersion "1"]
[SourceVersionDate "2015.12.18"]
[SourceQuality "1"]

1. c4 Nf6 2. Nc3 d5 3. cxd5 Nxd5 4. Nf3 Nxc3 5. bxc3 g6 6. d4 Bg7 7. e3 0-0 8. Bc4 c5 9. 0-0 Qc7 10. Qe2 Nc6 11. Rd1 e5 12. d5 Na5 13. d6 Qd7 14. Bd5 Rb8 15. e4 h6 16. a4 b6 17. Bxh6 Bxh6 18. Nxe5 Qd8 19. Nxg6 Re8 20. Qh5 Qg5 21. Bxf7+ Kxf7 22. Ne5+ Kf6 23. Qf7+ Kxe5 24. Rd5+ Kxe4 25. Qf3# 1-0

[Event "Benidorm op U2300 13th"]
[Site "Benidorm"]
[Date "2014.12.03"]
[Round "6"]
[White "Sabater Sanchez, Asensio"]
[Black "Estevez Jacome, Jose Ramon"]
[Result "0-1"]
[WhiteElo "2127"]
[BlackElo "2009"]
[PlyCount "68"]
[EventDate "2014.11.28"]
[EventType "swiss"]
[EventRounds "10"]
[EventCountry "ESP"]
[SourceTitle "CBM 163 Extra"]
[Source "ChessBase"]
[SourceDate "2014.12.23"]
[SourceVersion "1"]
[SourceVersionDate "2014.12.23"]
[SourceQuality "1"]

1. b3 Nf6 2. Bb2 d5 3. Bxf6 exf6 4. d4 g6 5. g3 Bg7 6. Bg2 0-0 7. e3 Be6 8. Ne2 c6 9. 0-0 Na6 10. Nd2 Nc7 11. e4 dxe4 12. Nxe4 Qc8 13. c4 Rd8 14. Qd2 Bh3 15. Rad1 Bxg2 16. Kxg2 f5 17. N4c3 Rd7 18. Qe3 Qf8 19. f4 Re8 20. Qf3 Red8 21. d5 cxd5 22. Nxd5 Nxd5 23. Rxd5 Rxd5 24. cxd5 Qa3 25. Qd3 Qxa2 26. Rd1 Bf8 27. Rd2 Qa5 28. Ng1 Bb4 29. Rd1 Bd6 30. Nf3 Rc8 31. Ne5 Rc3 32. Qd2 Qc5 33. Nd7 Qe3 34. Ne5 Qe4+ 0-1

[Event "Benidorm op U2300 12th"]
[Site "Benidorm"]
[Date "2013.12.01"]
[Round "4"]
[White "Sabater Sanchez, Asensio"]
[Black "Aymerich Rosell, Pablo"]
[Result "1-0"]
[WhiteElo "2151"]
[BlackElo "2194"]
[PlyCount "111"]
[EventDate "2013.11.29"]
[EventType "swiss"]
[EventRounds "10"]
[EventCountry "ESP"]
[SourceTitle "CBM 157 Extra"]
[Source "ChessBase"]
[SourceDate "2013.12.19"]
[SourceVersion "1"]
[SourceVersionDate "2013.12.19"]
[SourceQuality "1"]

1. d4 e6 2. Nf3 Nf6 3. Bf4 c5 4. e3 Qb6 5. Qc1 Nc6 6. c3 d5 7. Nbd2 Bd7 8. Bd3 Rc8 9. Qb1 Nh5 10. Be5 cxd4 11. exd4 Nxe5 12. Nxe5 Nf4 13. 0-0 Bb5 14. Bxb5+ Qxb5 15. g3 Ng6 16. Nxg6 hxg6 17. Re1 Be7 18. Nf3 Bf6 19. Qc2 0-0 20. Qe2 Qxe2 21. Rxe2 b5 22. a4 a6 23. axb5 axb5 24. Ra3 Rc7 25. Rb3 Rb8 26. Ne1 Be7 27. Nc2 Bd6 28. Re1 b4 29. Ne3 Rbb7 30. Kf1 bxc3 31. Rxb7 Rxb7 32. bxc3 Rb3 33. Rc1 Ba3 34. Rc2 Rb1+ 35. Ke2 g5 36. f3 Kh7 37. Ra2 Bd6 38. Kf2 Kg6 39. Ra6 Rb2+ 40. Kg1 Rb1+ 41. Kg2 Rb2+ 42. Kh3 Bb8 43. Nxd5 Rf2 44. Ne7+ Kf6 45. Ng8+ Kg6 46. Rb6 Bc7 47. Rc6 Bd8 48. Rc8 Bb6 49. Rc6 Bd8 50. Rc8 Bb6 51. Ne7+ Kf6 52. Nc6 Rxf3 53. Ne5 g4+ 54. Kg2 Rxc3 55. Rxc3 Bxd4 56. Nxg4+ 1-0

[Event "Almansa op 7th"]
[Site "Almansa"]
[Date "2012.08.08"]
[Round "2"]
[White "Nieves Cabanes, Javier"]
[Black "Sabater Sanchez, Asensio"]
[Result "1-0"]
[WhiteElo "2016"]
[BlackElo "2170"]
[PlyCount "71"]
[EventDate "2012.08.07"]
[EventType "swiss"]
[EventRounds "9"]
[EventCountry "ESP"]
[SourceTitle "CBM 149 Extra"]
[Source "ChessBase"]
[SourceDate "2012.08.24"]
[SourceVersion "1"]
[SourceVersionDate "2012.08.24"]
[SourceQuality "1"]

1. d4 Nf6 2. c4 e6 3. Nc3 Bb4 4. e3 b6 5. Bd3 Bb7 6. f3 c5 7. Nge2 Nc6 8. 0-0 0-0 9. d5 Ne5 10. e4 Bxc3 11. Nxc3 d6 12. f4 Nxd3 13. Qxd3 exd5 14. exd5 Re8 15. f5 h6 16. h3 Ba6 17. Bf4 Qe7 18. b3 Rad8 19. g4 Nd7 20. Qg3 Ne5 21. Rae1 f6 22. a4 Bc8 23. Ne4 Rf8 24. Rf2 Rde8 25. Rg2 Rf7 26. Ree2 Qd8 27. h4 Ref8 28. Ref2 h5 29. Bxe5 fxe5 30. Ng5 Rf6 31. gxh5 Qe7 32. Ne6 Bxe6 33. fxe6 Kh7 34. Qg5 Qc7 35. Rxf6 Rxf6 36. h6 1-0

[Event "Benidorm op U2300 08th"]
[Site "Benidorm"]
[Date "2009.12.04"]
[Round "7"]
[White "Sabater Sanchez, Asensio"]
[Black "Dobre, Claudiu Cristian"]
[Result "1/2-1/2"]
[WhiteElo "2211"]
[BlackElo "2283"]
[PlyCount "37"]
[EventDate "2009.11.28"]
[EventType "swiss"]
[EventRounds "10"]
[EventCountry "ESP"]
[SourceTitle "CBM 133 Extra"]
[Source "ChessBase"]
[SourceDate "2010.01.05"]
[SourceVersion "1"]
[SourceVersionDate "2010.01.05"]
[SourceQuality "1"]

1. d4 d5 2. Nf3 Nf6 3. c4 e6 4. e3 c6 5. Bd3 Nbd7 6. 0-0 Bd6 7. Nc3 0-0 8. e4 dxc4 9. Bxc4 e5 10. Be3 Qe7 11. Re1 exd4 12. Nxd4 Ne5 13. Bb3 Neg4 14. Nf5 Bxf5 15. exf5 Bxh2+ 16. Kf1 Qc7 17. Ne4 Nxe3+ 18. Rxe3 Nxe4 19. Rxe4 1/2-1/2

[Event "Benidorm op U2300 08th"]
[Site "Benidorm"]
[Date "2009.12.03"]
[Round "6"]
[White "Taras, Gheorghe Dan"]
[Black "Sabater Sanchez, Asensio"]
[Result "0-1"]
[WhiteElo "2262"]
[BlackElo "2211"]
[PlyCount "54"]
[EventDate "2009.11.28"]
[EventType "swiss"]
[EventRounds "10"]
[EventCountry "ESP"]
[SourceTitle "CBM 133 Extra"]
[Source "ChessBase"]
[SourceDate "2010.01.05"]
[SourceVersion "1"]
[SourceVersionDate "2010.01.05"]
[SourceQuality "1"]

1. d4 d5 2. Nf3 Nf6 3. c4 c6 4. cxd5 cxd5 5. Nc3 Nc6 6. Bf4 a6 7. e3 Bf5 8. Be2 e6 9. 0-0 Bd6 10. Bxd6 Qxd6 11. Rc1 0-0 12. Nh4 Be4 13. f3 Bg6 14. Nxg6 hxg6 15. f4 b5 16. Qe1 Rfc8 17. Qh4 Nd7 18. g4 Qe7 19. g5 Qb4 20. Bg4 Ne7 21. Rc2 Qd6 22. Rf3 b4 23. Rh3 f5 24. gxf6 Nxf6 25. Nd1 Rxc2 26. Qh8+ Kf7 27. Qxa8 Rc8 0-1

[Event "ESP-ch 74th"]
[Site "Palma de Mallorca"]
[Date "2009.10.02"]
[Round "7"]
[White "Estremera Panos, Sergio"]
[Black "Sabater Sanchez, Asensio"]
[Result "1/2-1/2"]
[WhiteElo "2402"]
[BlackElo "2211"]
[PlyCount "131"]
[EventDate "2009.09.26"]
[EventType "swiss"]
[EventRounds "9"]
[EventCountry "ESP"]
[SourceTitle "CBM 132 Extra"]
[Source "ChessBase"]
[SourceDate "2009.11.03"]
[SourceVersion "1"]
[SourceVersionDate "2009.11.03"]
[SourceQuality "1"]

1. d4 d5 2. c4 c6 3. Nf3 Nf6 4. e3 a6 5. Bd3 b5 6. b3 Bg4 7. Nbd2 e6 8. 0-0 Be7 9. Qc2 Nbd7 10. Bb2 Bxf3 11. Nxf3 Rc8 12. Rfc1 0-0 13. a4 bxc4 14. bxc4 a5 15. c5 Qc7 16. Bc3 Ra8 17. Rab1 Rfb8 18. h3 g6 19. Rxb8+ Qxb8 20. Rb1 Qa7 21. Rb2 Qc7 22. Qb1 Ra7 23. Rb3 Bd8 24. Qb2 Kf8 25. Nd2 Ng8 26. f4 f5 27. Nf3 Ngf6 28. Ng5 Ke7 29. Be1 h6 30. Nf3 Ke8 31. Bh4 Qc8 32. Qb1 Bc7 33. Rb2 Kf7 34. g4 Ne4 35. Bxe4 fxe4 36. Ne5+ Bxe5 37. fxe5 g5 38. Bg3 Ke7 39. h4 Kd8 40. hxg5 hxg5 41. Rh2 Kc7 42. Rh7 Rb7 43. Qe1 Rb4 44. Qf1 Qg8 45. Rf7 Kd8 46. Qa6 Qxf7 47. Qxa5+ Ke7 48. Qxb4 Qf3 49. Qe1 Qxg4 50. a5 Nb8 51. Qf2 Qd1+ 52. Kg2 Nd7 53. a6 Qa1 54. Qf1 Qa2+ 55. Kh3 Qa5 56. Kg4 Qd8 57. Qh1 Qf8 58. Qh7+ Kd8 59. Bf4 gxf4 60. a7 Kc7 61. exf4 Qe8 62. f5 Kb7 63. f6 Kxa7 64. Qe7 Qg6+ 65. Kh4 Qh6+ 66. Kg4 1/2-1/2

[Event "ESP-ch 74th"]
[Site "Palma de Mallorca"]
[Date "2009.09.27"]
[Round "2"]
[White "Khamrakulov, Ibragim S"]
[Black "Sabater Sanchez, Asensio"]
[Result "1/2-1/2"]
[WhiteElo "2554"]
[BlackElo "2211"]
[PlyCount "107"]
[EventDate "2009.09.26"]
[EventType "swiss"]
[EventRounds "9"]
[EventCountry "ESP"]
[SourceTitle "CBM 132 Extra"]
[Source "ChessBase"]
[SourceDate "2009.11.03"]
[SourceVersion "1"]
[SourceVersionDate "2009.11.03"]
[SourceQuality "1"]

1. e4 e5 2. Nf3 Nc6 3. Bc4 Bc5 4. 0-0 Nf6 5. d3 0-0 6. c3 d6 7. h3 h6 8. Bb3 a6 9. Re1 Be6 10. Nbd2 Bxb3 11. axb3 Re8 12. Nc4 d5 13. exd5 Qxd5 14. Be3 Rad8 15. Bxc5 Qxc5 16. Qc2 Qd5 17. Rad1 Nh5 18. Ne3 Qc5 19. b4 Qd6 20. d4 exd4 21. Nxd4 Nxd4 22. Rxd4 Qe7 23. Red1 Rxd4 24. Rxd4 Nf6 25. Qd3 g6 26. b5 axb5 27. Qxb5 b6 28. Qc6 Rd8 29. Rc4 Rd7 30. Ra4 Kg7 31. h4 h5 32. Rc4 Qe6 33. Qxe6 fxe6 34. Rc6 Re7 35. Kf1 Kf7 36. Ke2 Ke8 37. Nc4 Ng4 38. b4 Kd7 39. b5 Rf7 40. f3 Rf5 41. Nxb6+ cxb6 42. fxg4 Rxb5 43. Rc4 Kd6 44. Kf3 Ke5 45. Re4+ Kf6 46. g5+ Kf5 47. Rf4+ Ke5 48. g4 hxg4+ 49. Kxg4 Rc5 50. c4 b5 51. cxb5 Rxb5 52. Rc4 Rb1 53. Rc5+ Ke4 54. Rc4+ 1/2-1/2

[Event "Valencia Autonomico Sur-B"]
[Site "Valencia"]
[Date "2009.02.07"]
[Round "5.1"]
[White "Sabater Sanchez, Asensio"]
[Black "Arias Igual, Alejandro"]
[Result "1-0"]
[WhiteElo "2197"]
[BlackElo "2023"]
[PlyCount "144"]
[EventDate "2009.01.10"]
[EventType "team-tourn"]
[EventRounds "5"]
[EventCountry "ESP"]
[SourceTitle "EXT 2011"]
[Source "ChessBase"]
[SourceDate "2010.11.26"]
[SourceVersion "1"]
[SourceVersionDate "2010.11.26"]
[SourceQuality "1"]

1. d4 d5 2. Bg5 Nf6 3. Bxf6 exf6 4. Nd2 Bf5 5. e3 Bd6 6. g3 Nc6 7. a3 Qe7 8. Ne2 h5 9. Bg2 h4 10. Bxd5 hxg3 11. hxg3 0-0-0 12. Rxh8 Rxh8 13. Nc4 Be4 14. Bxe4 Qxe4 15. Nxd6+ cxd6 16. Kd2 Qf3 17. Qg1 g5 18. Rf1 Na5 19. b3 Kb8 20. Nc1 Nc6 21. Nd3 Ne7 22. Nc1 Nc6 23. Nd3 Ne7 24. Ne1 Qf5 25. Nd3 Qf3 26. Rc1 Nf5 27. Qd1 Qe4 28. Kc3 d5 29. Nc5 Qg2 30. Qf1 Qxf1 31. Rxf1 Kc7 32. Kd3 Nd6 33. c4 dxc4+ 34. bxc4 f5 35. Na4 b5 36. c5 bxa4 37. cxd6+ Kxd6 38. Rb1 Rh2 39. Ke2 f4 40. gxf4 gxf4 41. Rb4 fxe3 42. Kxe3 Rh3+ 43. f3 Rh5 44. Rb7 Ra5 45. Rxf7 Rb5 46. Rxa7 Rb3+ 47. Ke4 Rxa3 48. f4 Ra1 49. Ra6+ Ke7 50. f5 a3 51. Ke5 a2 52. Ra7+ Ke8 53. Kd6 Kf8 54. d5 Ke8 55. Re7+ Kf8 56. Re2 Kf7 57. Ke5 Ke7 58. f6+ Kf7 59. d6 Rd1 60. Rxa2 Re1+ 61. Kd5 Rd1+ 62. Kc6 Kxf6 63. Re2 Rc1+ 64. Kb7 Kf7 65. d7 Rd1 66. Kc7 Rc1+ 67. Kd8 Rd1 68. Rf2+ Kg7 69. Rf5 Kg6 70. Rf8 Rc1 71. Ke7 Re1+ 72. Kd6 Rd1+ 1-0